00753nam a2200253 a 450000100060000000300090000600800410001502000180005604000280007404100080010210000320011024500670014225000110020926000320022030000110025249000140026350000730027765000190035065000330036965000350040265000230043765000210046070000180048124474CO-ViMGA141112s2004 ck r 000 u spa d a9788426416872 aCO-ViMGAbspacCO-ViMGA aSPA1 aLessing, Doris May, 1919 - 10aCuentos europeos / cDoris Lessing ; traducción Paula Kuffer a1a ed. aBarcelona : bLumen, c2008 a930 p. aNarrativa aTítulo original : To Room Nineteen / The Temptation of Jack Orkney14aAMOR - CUENTO 14aCUENTOS INGLESES - SIGLO XX 14aLITERATURA INGLESA - SIGLO XX 14aMUJERES - CUENTOS 14aSOLEDAD - CUENTO1 aKuffer, Paula